00000000nas##2200000za#4500
0019.515427
003CaOODSP
00520200325132155
007ta
008150406c2000||||xxc|| p #||||f|   |0eng|d
040 |aCaOODSP|beng
043 |an-cn---
0861 |aNH12-90E
1101 |aCanada. |bCanada Mortgage and Housing Corporation. |bMarket Analysis Centre.
24510|aRental market report - Victoria CMA
260 |aVancouver - British Columbia : |bCanada Mortgage and Housing Corporation.
310 |aAnnual
500 |aTitle from caption.
5203 |aThis annual report provides detailed data and comprehensive analysis for Victoria's rental market from the Fall Rental Market Survey results. Ideally suited for lending institutions, investors, developers, appraisers, property managers, renters, real estate professionals and public administrators, these reports are the best source for Fall rental market trends and detailed statistics.
563 |aProcessed
69007|aHousing|2gcpds
69007|aRates|2gcpds
77508|tRapport sur le marché locatif - RMR de Victoria |w(CaOODSP)9.513751
7760#|tRental market report. |w(CaOODSP)9.504583